[Event "Mittelfranken-ch HT"]
[Site "Nuremberg"]
[Date "2019.04.20"]
[Round "9.6"]
[White "Smyk, Jozef"]
[Black "Seibold, Hubert"]
[Result "1/2-1/2"]
[WhiteElo "1938"]
[BlackElo "2119"]
[PlyCount "101"]
[EventDate "2019.04.16"]
[EventType "swiss"]
[EventRounds "9"]
[EventCountry "GER"]
[SourceTitle "EXT 2022"]
[Source "ChessBase"]
[SourceDate "2021.10.06"]
[SourceVersion "1"]
[SourceVersionDate "2021.10.06"]
[SourceQuality "1"]

1. d4 Nf6 2. Bf4 d5 3. e3 c5 4. c3 Qb6 5. Na3 Bd7 6. Qb3 c4 7. Qxb6 axb6 8. Bxb8 Rxb8 9. f3 e6 10. Nc2 Ba4 11. Kd2 Be7 12. Be2 Bxc2 13. Kxc2 Ra8 14. Nh3 b5 15. a3 0-0 16. Nf2 Nd7 17. e4 Nb6 18. Rhf1 f6 19. Rae1 Bd6 20. g3 Rfe8 21. f4 e5 22. fxe5 fxe5 23. Bf3 exd4 24. cxd4 c3 25. e5 Be7 26. Kxc3 Bxa3 27. Kb3 Be7 28. Nd3 Ra4 29. Rd1 Rxd4 30. Nf4 Rb4+ 31. Ka2 Nc4 32. Bxd5+ Kh8 33. Bxc4 bxc4 34. Nd5 Ra4+ 35. Kb1 h5 36. Rf5 h4 37. Nxe7 Rxe7 38. Rh5+ Kg8 39. Rxh4 Rxe5 40. Rd8+ Kf7 41. Rd7+ Re7 42. Rxe7+ Kxe7 43. Kc2 Rb4 44. Kc3 Rb3+ 45. Kc2 b5 46. Rh5 Kf6 47. Rd5 g5 48. Rc5 Kg6 49. Rd5 Kh5 50. Re5 Kg4 51. Rc5 1/2-1/2

[Event "Mittelfranken-ch HT"]
[Site "Nuremberg"]
[Date "2019.04.18"]
[Round "5.6"]
[White "Beck, Karl"]
[Black "Smyk, Jozef"]
[Result "1-0"]
[WhiteElo "1983"]
[BlackElo "1938"]
[PlyCount "89"]
[EventDate "2019.04.16"]
[EventType "swiss"]
[EventRounds "9"]
[EventCountry "GER"]
[SourceTitle "EXT 2022"]
[Source "ChessBase"]
[SourceDate "2021.10.06"]
[SourceVersion "1"]
[SourceVersionDate "2021.10.06"]
[SourceQuality "1"]

1. e4 e5 2. Nf3 Nc6 3. Bb5 a6 4. Ba4 Nf6 5. d3 Bc5 6. c3 d6 7. Bg5 h6 8. Bh4 b5 9. Bb3 Be6 10. 0-0 Bb6 11. a4 Rb8 12. Bxe6 fxe6 13. Na3 b4 14. Nc4 Ba7 15. Re1 0-0 16. d4 exd4 17. Nxd4 Nxd4 18. cxd4 Qd7 19. b3 Nh7 20. Rc1 Bb6 21. Re2 Qf7 22. Bg3 Nf6 23. Re3 Qd7 24. Bh4 Rf7 25. Nxb6 Rxb6 26. Qd3 Rc6 27. Ree1 d5 28. Bxf6 Rxf6 29. e5 Rf8 30. Rc2 Rb8 31. Rec1 Rbb6 32. h3 Kf8 33. Rc5 Rxc5 34. Rxc5 Kg8 35. Qc2 Rb7 36. Rc6 a5 37. Ra6 c5 38. Rd6 Qc8 39. dxc5 Rc7 40. c6 Kh8 41. Qc5 Kh7 42. g3 Kg6 43. Qxd5 Kh7 44. Qd3+ g6 45. Rd7+ 1-0

[Event "Mittelfranken-ch HT"]
[Site "Nuremberg"]
[Date "2019.04.18"]
[Round "6.4"]
[White "Smyk, Jozef"]
[Black "Kroneder, Christian"]
[Result "0-1"]
[WhiteElo "1938"]
[BlackElo "2045"]
[PlyCount "56"]
[EventDate "2019.04.16"]
[EventType "swiss"]
[EventRounds "9"]
[EventCountry "GER"]
[SourceTitle "EXT 2022"]
[Source "ChessBase"]
[SourceDate "2021.10.06"]
[SourceVersion "1"]
[SourceVersionDate "2021.10.06"]
[SourceQuality "1"]

1. d4 d5 2. Bf4 Nf6 3. e3 c5 4. c3 Qb6 5. Qb3 c4 6. Qc2 g6 7. b3 Bf5 8. Qb2 Nc6 9. f3 Bg7 10. g4 Bd7 11. Nd2 0-0 12. Rb1 cxb3 13. axb3 e5 14. Bg3 exd4 15. exd4 Rfe8+ 16. Kd1 a5 17. Bd3 Re3 18. Bc2 Rae8 19. Bf2 Nxg4 20. Bxe3 Nxe3+ 21. Kc1 Nxc2 22. Kxc2 Bf5+ 23. Kd1 Nxd4 24. Rc1 Qe6 25. Ne4 dxe4 26. cxd4 exf3 27. Nxf3 Bg4 28. Rc3 Bxd4 0-1

[Event "Mittelfranken-ch HT"]
[Site "Nuremberg"]
[Date "2019.04.17"]
[Round "4.5"]
[White "Smyk, Jozef"]
[Black "Erlbeck, Peter"]
[Result "1/2-1/2"]
[WhiteElo "1938"]
[BlackElo "2069"]
[PlyCount "61"]
[EventDate "2019.04.16"]
[EventType "swiss"]
[EventRounds "9"]
[EventCountry "GER"]
[SourceTitle "EXT 2022"]
[Source "ChessBase"]
[SourceDate "2021.10.06"]
[SourceVersion "1"]
[SourceVersionDate "2021.10.06"]
[SourceQuality "1"]

1. d4 f5 2. Bg5 g6 3. e3 Bg7 4. h4 d6 5. Bc4 h6 6. Bf4 c6 7. c3 Nf6 8. Nd2 d5 9. Be2 Nbd7 10. Ngf3 Ng4 11. Nh2 e5 12. Bg3 Nxh2 13. Rxh2 0-0 14. dxe5 Nxe5 15. Bxe5 Bxe5 16. g3 Kg7 17. Nf3 Bf6 18. Qc2 Qe7 19. 0-0-0 b5 20. Nd4 Bxd4 21. cxd4 Bd7 22. Kb1 a5 23. Bd3 a4 24. Qc5 Qxc5 25. dxc5 b4 26. Rhh1 Rfb8 27. Rhe1 Ra5 28. Rc1 Kf6 29. Red1 Be6 30. Be2 Bc8 31. Rd4 1/2-1/2

[Event "Mittelfranken-ch HT"]
[Site "Nuremberg"]
[Date "2019.04.17"]
[Round "3.5"]
[White "Smyk, Jozef"]
[Black "Hetzner, Hannes"]
[Result "1/2-1/2"]
[WhiteElo "1938"]
[BlackElo "1941"]
[PlyCount "29"]
[EventDate "2019.04.16"]
[EventType "swiss"]
[EventRounds "9"]
[EventCountry "GER"]
[SourceTitle "EXT 2022"]
[Source "ChessBase"]
[SourceDate "2021.10.06"]
[SourceVersion "1"]
[SourceVersionDate "2021.10.06"]
[SourceQuality "1"]

1. d4 Nf6 2. Bf4 d5 3. e3 c5 4. c3 Nc6 5. Nd2 e6 6. Ngf3 cxd4 7. exd4 Nh5 8. Bg5 f6 9. Be3 Bd6 10. g3 f5 11. Ne5 Nf6 12. Nd3 b6 13. Bg5 0-0 14. f4 Ba6 15. Ne5 1/2-1/2

[Event "Mittelfranken-ch HT"]
[Site "Nuremberg"]
[Date "2019.04.16"]
[Round "2.4"]
[White "Link, Andreas"]
[Black "Smyk, Jozef"]
[Result "1-0"]
[WhiteElo "2022"]
[BlackElo "1938"]
[PlyCount "151"]
[EventDate "2019.04.16"]
[EventType "swiss"]
[EventRounds "9"]
[EventCountry "GER"]
[SourceTitle "EXT 2022"]
[Source "ChessBase"]
[SourceDate "2021.10.06"]
[SourceVersion "1"]
[SourceVersionDate "2021.10.06"]
[SourceQuality "1"]

1. e4 d6 2. d4 Nf6 3. Nc3 Nbd7 4. Nf3 e5 5. Bc4 Be7 6. Qe2 c6 7. a4 Qc7 8. Bd2 h6 9. Bb3 exd4 10. Nxd4 Nc5 11. Ba2 Be6 12. Nxe6 Nxe6 13. f4 0-0 14. 0-0 Rfe8 15. f5 Nc5 16. Qc4 Rf8 17. Bf4 Ncd7 18. Kh1 Ne5 19. Qe2 Rad8 20. b4 Rfe8 21. Rab1 Bf8 22. a5 Be7 23. h3 Bf8 24. Qf2 b5 25. axb6 axb6 26. Be3 Ned7 27. b5 c5 28. Bd5 Ne5 29. Ra1 Nxd5 30. Nxd5 Qb7 31. Ra6 Nc4 32. Bc1 Rxe4 33. Rd1 Rde8 34. f6 g6 35. Kh2 Re2 36. Qf3 Qd7 37. Nf4 Re1 38. Rxe1 Rxe1 39. Nd3 Re8 40. Qd5 Qe6 41. Qxe6 Rxe6 42. Ra8 g5 43. h4 Ne3 44. hxg5 hxg5 45. Kg3 Nd5 46. Bxg5 Nxf6 47. Bxf6 Rxf6 48. Nf4 Rf5 49. Kg4 Re5 50. Rb8 c4 51. Rxb6 Kg7 52. Rb8 Be7 53. b6 Rg5+ 54. Kf3 Rb5 55. b7 d5 56. Nxd5 Bd6 57. Rd8 Rxd5 58. Rxd6 Rb5 59. Rd7 Kf6 60. Ke4 Ke6 61. Rc7 f5+ 62. Kd4 Kd6 63. Rg7 Rb2 64. Kc3 Rb1 65. Kxc4 Kc6 66. Kd4 Rd1+ 67. Ke5 Rd8 68. Kxf5 Kb6 69. g4 Ka7 70. g5 Rd5+ 71. Kf6 Rc5 72. Re7 Rxc2 73. g6 Rf2+ 74. Ke6 Re2+ 75. Kf7 Rf2+ 76. Ke8 1-0

[Event "Mittelfranken-chTB2b 1819"]
[Site "Mittelfranken"]
[Date "2018.10.14"]
[Round "1.4"]
[White "Smyk, Jozef"]
[Black "Lutzky, Manfred"]
[Result "1/2-1/2"]
[WhiteElo "1960"]
[BlackElo "1797"]
[PlyCount "144"]
[EventDate "2018.10.14"]
[EventType "team-tourn"]
[EventRounds "9"]
[EventCountry "GER"]
[SourceTitle "EXT 2022"]
[Source "ChessBase"]
[SourceDate "2021.10.06"]
[SourceVersion "1"]
[SourceVersionDate "2021.10.06"]
[SourceQuality "1"]
[WhiteTeam "Neumarkt"]
[BlackTeam "Nuernberg Noris Tarrasch IV"]
[WhiteTeamCountry "GER"]
[BlackTeamCountry "GER"]

1. d4 d5 2. Bf4 Nf6 3. e3 c5 4. c3 Qb6 5. Qc2 e6 6. Nf3 Nc6 7. h3 Bd7 8. Nbd2 Rc8 9. Qb3 Be7 10. Be2 0-0 11. 0-0 Na5 12. Qxb6 axb6 13. Ne5 Ba4 14. Rfc1 Nd7 15. Nef3 Nf6 16. Ne5 Nd7 17. Nxd7 Bxd7 18. Bg3 Nc6 19. Bb5 Rfd8 20. Nf3 Na7 21. Bd3 Bb5 22. Bc2 Nc6 23. Re1 Bd6 24. Bxd6 Rxd6 25. Rac1 f5 26. Bb1 Rd7 27. Ng5 Nd8 28. f4 Rdc7 29. a3 h6 30. Nf3 Nc6 31. Ne5 Nxe5 32. fxe5 Kf7 33. Rcd1 Bc4 34. Bc2 Bb5 35. Rd2 Ke7 36. Rf2 g6 37. Kh2 Rg8 38. Rg1 Kf8 39. g4 Rcg7 40. gxf5 gxf5 41. Rxg7 Rxg7 42. Rg2 Kf7 43. Bd1 Rxg2+ 44. Kxg2 Kg6 45. Kg3 Kg5 46. Bc2 Be8 47. Bd3 c4 48. Bc2 b5 49. Bd1 Bh5 50. h4+ Kg6 51. Bc2 Kg7 52. a4 Be8 53. axb5 Bxb5 54. Kf2 Be8 55. Bd1 Kf8 56. Ke1 Ke7 57. Kd2 Kd8 58. Kc1 Kc7 59. Kb1 b5 60. Ka2 Kb6 61. Ka3 Ka5 62. Be2 Bg6 63. Bf3 Be8 64. b3 Bf7 65. bxc4 bxc4 66. Be2 Be8 67. Bd1 Bd7 68. Bh5 Kb5 69. Bf3 Be8 70. Be2 Ka5 71. Bd1 Bd7 72. Bh5 Kb5 1/2-1/2

[Event "Mittelfranken-chTB2b 1718"]
[Site "Mittelfranken"]
[Date "2018.04.22"]
[Round "8.2"]
[White "Vogiatzis, Dimitrios"]
[Black "Smyk, Jozef"]
[Result "1/2-1/2"]
[WhiteElo "1937"]
[BlackElo "1935"]
[PlyCount "36"]
[EventDate "2017.10.08"]
[EventType "team-tourn"]
[EventRounds "9"]
[EventCountry "GER"]
[SourceTitle "EXT 2022"]
[Source "ChessBase"]
[SourceDate "2021.10.06"]
[SourceVersion "1"]
[SourceVersionDate "2021.10.06"]
[SourceQuality "1"]
[WhiteTeam "Nuernberg Noris Tarrasch IV"]
[BlackTeam "Neumarkt"]
[WhiteTeamCountry "GER"]
[BlackTeamCountry "GER"]

1. e4 e5 2. Nf3 Nf6 3. Nxe5 d6 4. Nf3 Nxe4 5. Nc3 Nxc3 6. dxc3 Be7 7. Be3 Nd7 8. Qd2 0-0 9. 0-0-0 Bf6 10. h4 Ne5 11. Ng5 Be6 12. b3 a5 13. f4 Ng4 14. Bd3 h6 15. a4 Qc8 16. Nh7 Bxc3 17. Qxc3 Nxe3 18. Rd2 Re8 1/2-1/2

[Event "Mittelfranken-chT2b 1617"]
[Site "Mittelfranken"]
[Date "2017.03.05"]
[Round "7.7"]
[White "Smyk, Jozef"]
[Black "Vogt, Peter"]
[Result "0-1"]
[WhiteElo "1927"]
[BlackElo "1878"]
[PlyCount "84"]
[EventDate "2016.10.23"]
[EventType "team-tourn"]
[EventRounds "9"]
[EventCountry "GER"]
[SourceTitle "EXT 2022"]
[Source "ChessBase"]
[SourceDate "2021.10.06"]
[SourceVersion "1"]
[SourceVersionDate "2021.10.06"]
[SourceQuality "1"]
[WhiteTeam "Neumarkt"]
[BlackTeam "Schwanstetten"]
[WhiteTeamCountry "GER"]
[BlackTeamCountry "GER"]

1. e4 c5 2. Nf3 d6 3. d4 cxd4 4. Nxd4 Nf6 5. Nc3 a6 6. Bc4 e6 7. Bb3 Be7 8. Be3 0-0 9. Qe2 Nc6 10. 0-0-0 Qa5 11. g4 Bd7 12. g5 Nxd4 13. Rxd4 Ne8 14. h4 Rc8 15. Bd2 Qc7 16. h5 b5 17. f4 b4 18. Rc4 bxc3 19. Rxc7 cxd2+ 20. Kxd2 Nxc7 21. g6 fxg6 22. hxg6 hxg6 23. Qg4 Rf6 24. f5 gxf5 25. exf5 d5 26. Rg1 Bf8 27. fxe6 Bxe6 28. Qh4 Be7 29. Qg3 Rf7 30. c3 Nb5 31. Qg6 Bf6 32. Rh1 Nd6 33. Bc2 Ne4+ 34. Bxe4 dxe4 35. Qh7+ Kf8 36. Qxe4 Bg5+ 37. Ke1 Re7 38. Qf3+ Bf7+ 39. Kf1 Kg8 40. Qh3 Bc4+ 41. Kg1 Re1+ 42. Kg2 Re2+ 0-1